Sochi 2014 : Olimpiada 2014 : sensat͡sionnoe rassledovanie : chto proiskhodit na samom dele?! /
Saved in:
| Format: | Book |
|---|---|
| Language: | Russian |
| Published: |
Moskva :
AST,
2014.
|
| Subjects: | |
| Tags: |
Add Tag
No Tags, Be the first to tag this record!
|
| LEADER | 01135cam a2200301Mi 4500 | ||
|---|---|---|---|
| 001 | 014014875-2 | ||
| 005 | 20140624083349.0 | ||
| 008 | 140122s2014 ru a 000 0 rusod | ||
| 020 | |a 9785170791224 | ||
| 020 | |a 5170791224 | ||
| 035 | 0 | |a ocn881663506 | |
| 040 | |a RuMoNKB |b eng |e rda |c PUL | ||
| 043 | |a e-ru--- | ||
| 050 | 4 | |a GV842 2014 |b .S624 2014 | |
| 245 | 0 | 0 | |a Sochi 2014 : |b Olimpiada 2014 : sensat͡sionnoe rassledovanie : chto proiskhodit na samom dele?! / |c anonimnyĭ avtor. |
| 246 | 3 | |a Olimpiada 2014 : sensat͡sionnoe rassledovanie : chto proiskhodit na samom dele?! | |
| 264 | 1 | |a Moskva : |b AST, |c 2014. | |
| 300 | |a 288 pages, 32 pages of plates : |b color illustrations ; |c 21 cm | ||
| 336 | |a text |2 rdacontent | ||
| 337 | |a unmediated |2 rdamedia | ||
| 338 | |a volume |2 rdacarrier | ||
| 500 | |a "Literaturno-khudozhestvennoe izdanie"--Colophon. | ||
| 611 | 2 | 0 | |a Olympic Winter Games |n (22nd : |d 2014 : |c Sochi, Russia) |
| 650 | 0 | |a Hosting of sporting events |z Russia (Federation) |z Sochi. | |
| 650 | 0 | |a Winter olympics |x Planning. | |
| 651 | 0 | |a Sochi (Russia) |x Economic conditions |y 21st century. | |
| 988 | |a 20140425 | ||
| 906 | |0 VEN | ||


